<?xml version="1.0" encoding="UTF-8"?>
<record
    xmlns:xsi="http://www.w3.org/2001/XMLSchema-instance"
    xsi:schemaLocation="http://www.loc.gov/MARC21/slim http://www.loc.gov/standards/marcxml/schema/MARC21slim.xsd"
    xmlns="http://www.loc.gov/MARC21/slim">

  <leader>00852nas a2200229 a 4500</leader>
  <controlfield tag="005">20260317133558.0</controlfield>
  <controlfield tag="007">ta</controlfield>
  <controlfield tag="008">241025e1997    dr q||||r||||||0|   spa d</controlfield>
  <datafield tag="040" ind1=" " ind2=" ">
    <subfield code="a">DO-SdBNP</subfield>
    <subfield code="c">BNPHU</subfield>
    <subfield code="e">rda</subfield>
  </datafield>
  <datafield tag="041" ind1=" " ind2=" ">
    <subfield code="h">spa</subfield>
  </datafield>
  <datafield tag="110" ind1="2" ind2=" ">
    <subfield code="a">Banco de Reservas de la Rep&#xFA;blica Dominicana</subfield>
    <subfield code="9">6285</subfield>
  </datafield>
  <datafield tag="245" ind1=" " ind2=" ">
    <subfield code="a">BanReservas :</subfield>
    <subfield code="b">la revista /</subfield>
    <subfield code="c">Banco de Reservas de la Rep&#xFA;blica Dominicana</subfield>
  </datafield>
  <datafield tag="246" ind1=" " ind2=" ">
    <subfield code="a">BanReservas</subfield>
  </datafield>
  <datafield tag="246" ind1=" " ind2=" ">
    <subfield code="a">Revista</subfield>
  </datafield>
  <datafield tag="260" ind1=" " ind2=" ">
    <subfield code="a">Santo Domingo, Rep&#xFA;blica Dominicana :</subfield>
    <subfield code="b">Banco de Reservas, </subfield>
    <subfield code="c">1997.</subfield>
  </datafield>
  <datafield tag="300" ind1=" " ind2=" ">
    <subfield code="a">volumen : </subfield>
    <subfield code="b">ilustraciones, fotograf&#xED;as, gr&#xE1;ficas ;  </subfield>
    <subfield code="c">28 cm.</subfield>
  </datafield>
  <datafield tag="310" ind1=" " ind2=" ">
    <subfield code="a">Trimestral.</subfield>
  </datafield>
  <datafield tag="362" ind1=" " ind2=" ">
    <subfield code="a">A&#xF1;o 1. N&#xFA;mero 1. 1997.</subfield>
  </datafield>
  <datafield tag="610" ind1=" " ind2="0">
    <subfield code="a">Banco de Reservas</subfield>
    <subfield code="9">77966</subfield>
    <subfield code="v">Publicaciones peri&#xF3;dicas </subfield>
    <subfield code="z">Rep&#xFA;blica Dominicana</subfield>
  </datafield>
  <datafield tag="650" ind1=" " ind2="0">
    <subfield code="a">Cultura</subfield>
    <subfield code="z">Rep&#xFA;blica Dominicana</subfield>
    <subfield code="v">Publicaciones peri&#xF3;dicas </subfield>
    <subfield code="9">89224</subfield>
  </datafield>
  <datafield tag="942" ind1=" " ind2=" ">
    <subfield code="2">ddc</subfield>
    <subfield code="c">ISSUE</subfield>
  </datafield>
  <datafield tag="952" ind1=" " ind2=" ">
    <subfield code="0">0</subfield>
    <subfield code="1">0</subfield>
    <subfield code="2">ddc</subfield>
    <subfield code="4">0</subfield>
    <subfield code="5">6</subfield>
    <subfield code="7">0</subfield>
    <subfield code="8">SE</subfield>
    <subfield code="a">BNPHU</subfield>
    <subfield code="b">BNPHU</subfield>
    <subfield code="d">2024-10-25</subfield>
    <subfield code="h">A&#xF1;o 1. N&#xFA;mero 1. 1997</subfield>
    <subfield code="l">0</subfield>
    <subfield code="p">2024-6131</subfield>
    <subfield code="r">2024-10-25</subfield>
    <subfield code="t">e.1</subfield>
    <subfield code="w">2024-10-25</subfield>
    <subfield code="y">ISSUE</subfield>
  </datafield>
  <datafield tag="952" ind1=" " ind2=" ">
    <subfield code="0">0</subfield>
    <subfield code="1">0</subfield>
    <subfield code="2">ddc</subfield>
    <subfield code="4">0</subfield>
    <subfield code="5">6</subfield>
    <subfield code="7">0</subfield>
    <subfield code="8">SE</subfield>
    <subfield code="a">BNPHU</subfield>
    <subfield code="b">BNPHU</subfield>
    <subfield code="d">2024-10-25</subfield>
    <subfield code="h">A&#xF1;o 1. N&#xFA;mero 2. 1997</subfield>
    <subfield code="l">0</subfield>
    <subfield code="p">2024-6132</subfield>
    <subfield code="r">2024-10-25</subfield>
    <subfield code="t">e.1</subfield>
    <subfield code="w">2024-10-25</subfield>
    <subfield code="y">ISSUE</subfield>
  </datafield>
  <datafield tag="952" ind1=" " ind2=" ">
    <subfield code="0">0</subfield>
    <subfield code="1">0</subfield>
    <subfield code="2">ddc</subfield>
    <subfield code="4">0</subfield>
    <subfield code="5">6</subfield>
    <subfield code="7">0</subfield>
    <subfield code="8">SE</subfield>
    <subfield code="a">BNPHU</subfield>
    <subfield code="b">BNPHU</subfield>
    <subfield code="d">2024-10-25</subfield>
    <subfield code="h">A&#xF1;o 1. N&#xFA;mero 2. 1997</subfield>
    <subfield code="l">0</subfield>
    <subfield code="p">2024-6133</subfield>
    <subfield code="r">2024-10-25</subfield>
    <subfield code="t">e.2</subfield>
    <subfield code="w">2024-10-25</subfield>
    <subfield code="y">ISSUE</subfield>
  </datafield>
  <datafield tag="952" ind1=" " ind2=" ">
    <subfield code="0">0</subfield>
    <subfield code="1">0</subfield>
    <subfield code="2">ddc</subfield>
    <subfield code="4">0</subfield>
    <subfield code="5">6</subfield>
    <subfield code="7">0</subfield>
    <subfield code="8">SE</subfield>
    <subfield code="a">BNPHU</subfield>
    <subfield code="b">BNPHU</subfield>
    <subfield code="d">2024-10-25</subfield>
    <subfield code="h">A&#xF1;o 1. N&#xFA;mero 2. 1997</subfield>
    <subfield code="l">0</subfield>
    <subfield code="p">2024-6134</subfield>
    <subfield code="r">2024-10-25</subfield>
    <subfield code="t">e.3</subfield>
    <subfield code="w">2024-10-25</subfield>
    <subfield code="y">ISSUE</subfield>
  </datafield>
  <datafield tag="952" ind1=" " ind2=" ">
    <subfield code="0">0</subfield>
    <subfield code="1">0</subfield>
    <subfield code="2">ddc</subfield>
    <subfield code="4">0</subfield>
    <subfield code="5">6</subfield>
    <subfield code="7">0</subfield>
    <subfield code="8">SE</subfield>
    <subfield code="a">BNPHU</subfield>
    <subfield code="b">BNPHU</subfield>
    <subfield code="d">2024-10-25</subfield>
    <subfield code="h">A&#xF1;o 1. N&#xFA;mero 2. 1997</subfield>
    <subfield code="l">0</subfield>
    <subfield code="p">2024-6135</subfield>
    <subfield code="r">2024-10-25</subfield>
    <subfield code="t">e.4</subfield>
    <subfield code="w">2024-10-25</subfield>
    <subfield code="y">ISSUE</subfield>
  </datafield>
  <datafield tag="952" ind1=" " ind2=" ">
    <subfield code="0">0</subfield>
    <subfield code="1">0</subfield>
    <subfield code="2">ddc</subfield>
    <subfield code="4">0</subfield>
    <subfield code="5">6</subfield>
    <subfield code="7">0</subfield>
    <subfield code="8">SE</subfield>
    <subfield code="a">BNPHU</subfield>
    <subfield code="b">BNPHU</subfield>
    <subfield code="d">2024-10-25</subfield>
    <subfield code="h">A&#xF1;o 1. N&#xFA;mero 2. 1997</subfield>
    <subfield code="l">0</subfield>
    <subfield code="p">2024-6136</subfield>
    <subfield code="r">2024-10-25</subfield>
    <subfield code="t">e.5</subfield>
    <subfield code="w">2024-10-25</subfield>
    <subfield code="y">ISSUE</subfield>
  </datafield>
  <datafield tag="952" ind1=" " ind2=" ">
    <subfield code="0">0</subfield>
    <subfield code="1">0</subfield>
    <subfield code="2">ddc</subfield>
    <subfield code="4">0</subfield>
    <subfield code="5">6</subfield>
    <subfield code="7">0</subfield>
    <subfield code="8">SE</subfield>
    <subfield code="a">BNPHU</subfield>
    <subfield code="b">BNPHU</subfield>
    <subfield code="d">2024-10-25</subfield>
    <subfield code="h">A&#xF1;o 2. N&#xFA;mero 3. 1998</subfield>
    <subfield code="l">0</subfield>
    <subfield code="p">2024-6138</subfield>
    <subfield code="r">2024-10-25</subfield>
    <subfield code="t">e.1</subfield>
    <subfield code="w">2024-10-25</subfield>
    <subfield code="y">ISSUE</subfield>
  </datafield>
  <datafield tag="952" ind1=" " ind2=" ">
    <subfield code="0">0</subfield>
    <subfield code="1">0</subfield>
    <subfield code="2">ddc</subfield>
    <subfield code="4">0</subfield>
    <subfield code="5">6</subfield>
    <subfield code="7">0</subfield>
    <subfield code="8">SE</subfield>
    <subfield code="a">BNPHU</subfield>
    <subfield code="b">BNPHU</subfield>
    <subfield code="d">2024-10-25</subfield>
    <subfield code="h">A&#xF1;o 2. N&#xFA;mero 3. 1998</subfield>
    <subfield code="l">0</subfield>
    <subfield code="p">2024-6139</subfield>
    <subfield code="r">2024-10-25</subfield>
    <subfield code="t">e.2</subfield>
    <subfield code="w">2024-10-25</subfield>
    <subfield code="y">ISSUE</subfield>
  </datafield>
  <datafield tag="952" ind1=" " ind2=" ">
    <subfield code="0">0</subfield>
    <subfield code="1">0</subfield>
    <subfield code="2">ddc</subfield>
    <subfield code="4">0</subfield>
    <subfield code="5">6</subfield>
    <subfield code="7">0</subfield>
    <subfield code="8">SE</subfield>
    <subfield code="a">BNPHU</subfield>
    <subfield code="b">BNPHU</subfield>
    <subfield code="d">2024-10-25</subfield>
    <subfield code="h">A&#xF1;o 2. N&#xFA;mero 3. 1998</subfield>
    <subfield code="l">0</subfield>
    <subfield code="p">2024-6140</subfield>
    <subfield code="r">2024-10-25</subfield>
    <subfield code="t">e.3</subfield>
    <subfield code="w">2024-10-25</subfield>
    <subfield code="y">ISSUE</subfield>
  </datafield>
  <datafield tag="952" ind1=" " ind2=" ">
    <subfield code="0">0</subfield>
    <subfield code="1">0</subfield>
    <subfield code="2">ddc</subfield>
    <subfield code="4">0</subfield>
    <subfield code="5">6</subfield>
    <subfield code="7">0</subfield>
    <subfield code="8">SE</subfield>
    <subfield code="a">BNPHU</subfield>
    <subfield code="b">BNPHU</subfield>
    <subfield code="d">2024-10-25</subfield>
    <subfield code="h">A&#xF1;o 2. N&#xFA;mero 3. 1998</subfield>
    <subfield code="l">0</subfield>
    <subfield code="p">2024-6141</subfield>
    <subfield code="r">2024-10-25</subfield>
    <subfield code="t">e.4</subfield>
    <subfield code="w">2024-10-25</subfield>
    <subfield code="y">ISSUE</subfield>
  </datafield>
  <datafield tag="952" ind1=" " ind2=" ">
    <subfield code="0">0</subfield>
    <subfield code="1">0</subfield>
    <subfield code="2">ddc</subfield>
    <subfield code="4">0</subfield>
    <subfield code="5">6</subfield>
    <subfield code="7">0</subfield>
    <subfield code="8">SE</subfield>
    <subfield code="a">BNPHU</subfield>
    <subfield code="b">BNPHU</subfield>
    <subfield code="d">2024-10-25</subfield>
    <subfield code="h">A&#xF1;o 2. N&#xFA;mero 3. 1998</subfield>
    <subfield code="l">0</subfield>
    <subfield code="p">2024-6142</subfield>
    <subfield code="r">2024-10-25</subfield>
    <subfield code="t">e.5</subfield>
    <subfield code="w">2024-10-25</subfield>
    <subfield code="y">ISSUE</subfield>
  </datafield>
  <datafield tag="952" ind1=" " ind2=" ">
    <subfield code="0">0</subfield>
    <subfield code="1">0</subfield>
    <subfield code="2">ddc</subfield>
    <subfield code="4">0</subfield>
    <subfield code="5">6</subfield>
    <subfield code="7">0</subfield>
    <subfield code="8">SE</subfield>
    <subfield code="a">BNPHU</subfield>
    <subfield code="b">BNPHU</subfield>
    <subfield code="d">2024-10-25</subfield>
    <subfield code="h">A&#xF1;o 2. N&#xFA;mero 3. 1998</subfield>
    <subfield code="l">0</subfield>
    <subfield code="p">2024-6143</subfield>
    <subfield code="r">2024-10-25</subfield>
    <subfield code="t">e.6</subfield>
    <subfield code="w">2024-10-25</subfield>
    <subfield code="y">ISSUE</subfield>
  </datafield>
  <datafield tag="952" ind1=" " ind2=" ">
    <subfield code="0">0</subfield>
    <subfield code="1">0</subfield>
    <subfield code="2">ddc</subfield>
    <subfield code="4">0</subfield>
    <subfield code="5">6</subfield>
    <subfield code="7">0</subfield>
    <subfield code="8">SE</subfield>
    <subfield code="a">BNPHU</subfield>
    <subfield code="b">BNPHU</subfield>
    <subfield code="d">2024-10-25</subfield>
    <subfield code="h">A&#xF1;o 2. N&#xFA;mero 4. 1998</subfield>
    <subfield code="l">0</subfield>
    <subfield code="p">2024-6144</subfield>
    <subfield code="r">2024-10-25</subfield>
    <subfield code="t">e.1</subfield>
    <subfield code="w">2024-10-25</subfield>
    <subfield code="y">ISSUE</subfield>
  </datafield>
  <datafield tag="952" ind1=" " ind2=" ">
    <subfield code="0">0</subfield>
    <subfield code="1">0</subfield>
    <subfield code="2">ddc</subfield>
    <subfield code="4">0</subfield>
    <subfield code="5">6</subfield>
    <subfield code="7">0</subfield>
    <subfield code="8">SE</subfield>
    <subfield code="a">BNPHU</subfield>
    <subfield code="b">BNPHU</subfield>
    <subfield code="d">2024-10-25</subfield>
    <subfield code="h">A&#xF1;o 2. N&#xFA;mero 4. 1998</subfield>
    <subfield code="l">0</subfield>
    <subfield code="p">2024-6145</subfield>
    <subfield code="r">2024-10-25</subfield>
    <subfield code="t">e.2</subfield>
    <subfield code="w">2024-10-25</subfield>
    <subfield code="y">ISSUE</subfield>
  </datafield>
  <datafield tag="952" ind1=" " ind2=" ">
    <subfield code="0">0</subfield>
    <subfield code="1">0</subfield>
    <subfield code="2">ddc</subfield>
    <subfield code="4">0</subfield>
    <subfield code="5">6</subfield>
    <subfield code="7">0</subfield>
    <subfield code="8">SE</subfield>
    <subfield code="a">BNPHU</subfield>
    <subfield code="b">BNPHU</subfield>
    <subfield code="d">2024-10-25</subfield>
    <subfield code="h">A&#xF1;o 2. N&#xFA;mero 4. 1998</subfield>
    <subfield code="l">0</subfield>
    <subfield code="p">2024-6146</subfield>
    <subfield code="r">2024-10-25</subfield>
    <subfield code="t">e.3</subfield>
    <subfield code="w">2024-10-25</subfield>
    <subfield code="y">ISSUE</subfield>
  </datafield>
  <datafield tag="952" ind1=" " ind2=" ">
    <subfield code="0">0</subfield>
    <subfield code="1">0</subfield>
    <subfield code="2">ddc</subfield>
    <subfield code="4">0</subfield>
    <subfield code="5">6</subfield>
    <subfield code="7">0</subfield>
    <subfield code="8">SE</subfield>
    <subfield code="a">BNPHU</subfield>
    <subfield code="b">BNPHU</subfield>
    <subfield code="d">2024-10-25</subfield>
    <subfield code="h">A&#xF1;o 2. N&#xFA;mero 4. 1998</subfield>
    <subfield code="l">0</subfield>
    <subfield code="p">2024-6147</subfield>
    <subfield code="r">2024-10-25</subfield>
    <subfield code="t">e.4</subfield>
    <subfield code="w">2024-10-25</subfield>
    <subfield code="y">ISSUE</subfield>
  </datafield>
  <datafield tag="952" ind1=" " ind2=" ">
    <subfield code="0">0</subfield>
    <subfield code="1">0</subfield>
    <subfield code="2">ddc</subfield>
    <subfield code="4">0</subfield>
    <subfield code="5">6</subfield>
    <subfield code="7">0</subfield>
    <subfield code="8">SE</subfield>
    <subfield code="a">BNPHU</subfield>
    <subfield code="b">BNPHU</subfield>
    <subfield code="d">2024-10-25</subfield>
    <subfield code="h">A&#xF1;o 2. N&#xFA;mero 4. 1998</subfield>
    <subfield code="l">0</subfield>
    <subfield code="p">2024-6148</subfield>
    <subfield code="r">2024-10-25</subfield>
    <subfield code="t">e.5</subfield>
    <subfield code="w">2024-10-25</subfield>
    <subfield code="y">ISSUE</subfield>
  </datafield>
  <datafield tag="952" ind1=" " ind2=" ">
    <subfield code="0">0</subfield>
    <subfield code="1">0</subfield>
    <subfield code="2">ddc</subfield>
    <subfield code="4">0</subfield>
    <subfield code="5">6</subfield>
    <subfield code="7">0</subfield>
    <subfield code="8">SE</subfield>
    <subfield code="a">BNPHU</subfield>
    <subfield code="b">BNPHU</subfield>
    <subfield code="d">2024-10-25</subfield>
    <subfield code="h">A&#xF1;o 3. N&#xFA;mero 5. 1999</subfield>
    <subfield code="l">0</subfield>
    <subfield code="p">2024-6149</subfield>
    <subfield code="r">2024-10-25</subfield>
    <subfield code="t">e.1</subfield>
    <subfield code="w">2024-10-25</subfield>
    <subfield code="y">ISSUE</subfield>
  </datafield>
  <datafield tag="952" ind1=" " ind2=" ">
    <subfield code="0">0</subfield>
    <subfield code="1">0</subfield>
    <subfield code="2">ddc</subfield>
    <subfield code="4">0</subfield>
    <subfield code="5">6</subfield>
    <subfield code="7">0</subfield>
    <subfield code="8">SE</subfield>
    <subfield code="a">BNPHU</subfield>
    <subfield code="b">BNPHU</subfield>
    <subfield code="d">2024-10-25</subfield>
    <subfield code="h">A&#xF1;o 3. N&#xFA;mero 6. 1999</subfield>
    <subfield code="l">0</subfield>
    <subfield code="p">2024-6150</subfield>
    <subfield code="r">2024-10-25</subfield>
    <subfield code="t">e.1</subfield>
    <subfield code="w">2024-10-25</subfield>
    <subfield code="y">ISSUE</subfield>
  </datafield>
  <datafield tag="952" ind1=" " ind2=" ">
    <subfield code="0">0</subfield>
    <subfield code="1">0</subfield>
    <subfield code="2">ddc</subfield>
    <subfield code="4">0</subfield>
    <subfield code="5">6</subfield>
    <subfield code="7">0</subfield>
    <subfield code="8">SE</subfield>
    <subfield code="a">BNPHU</subfield>
    <subfield code="b">BNPHU</subfield>
    <subfield code="d">2024-10-25</subfield>
    <subfield code="h">A&#xF1;o 3. N&#xFA;mero 6. 1999</subfield>
    <subfield code="l">0</subfield>
    <subfield code="p">2024-6151</subfield>
    <subfield code="r">2024-10-25</subfield>
    <subfield code="t">e.2</subfield>
    <subfield code="w">2024-10-25</subfield>
    <subfield code="y">ISSUE</subfield>
  </datafield>
  <datafield tag="999" ind1=" " ind2=" ">
    <subfield code="c">57938</subfield>
    <subfield code="d">57938</subfield>
  </datafield>
</record>
